| 000 | 01387cam a22002898a 4500 | ||
|---|---|---|---|
| 001 | MEB027809 | ||
| 005 | 20140925145420.0 | ||
| 008 | 111025s2012 mou b 001 0 eng | ||
| 010 | _a2011044493 | ||
| 020 | _a9780323083799 | ||
| 035 | _a(DNLM)101571756 | ||
| 040 |
_aDNLM/DLC _cDLC |
||
| 042 | _apcc | ||
| 050 |
_aRT 86.54 _b.T687 2013 |
||
| 245 | 0 | 0 |
_aTranscultural nursing : _bassessment & interventions / _c[edited by] Joyce Newman Giger. |
| 250 | _a6th ed. | ||
| 260 |
_aSt. Louis, Mo. : _bElsevier/Mosby, _cc2013. |
||
| 263 | _a1203. | ||
| 300 |
_axiii, 720 pages ; _c24 cm. |
||
| 504 | _aIncludes bibliographical references and index. | ||
| 505 | 0 | _aIntroduction to transcultural nursing -- Communication -- Space -- Social organization -- Time -- Environmental control -- Biological variations -- African-Americans -- Mexican Americans -- Navajos -- Appalachians -- American Eskimos : the Yup'ik and Inupiat -- Japanese Americans -- Afghans and Afghan Americans -- Russian Americans -- Chinese Americans -- Filipino Americans -- Vietnamese Americans -- East Indian Hindu Americans -- Haitian Americans -- Jewish Americans -- Korean Americans -- French Canadians of Quebec origin -- Puerto Rican Americans. | |
| 521 | _aNursing | ||
| 650 | _aTranscultural Nursing. | ||
| 650 | _aNursing Assessment. | ||
| 700 | 1 | _aGiger, Joyce Newman. | |
| 942 |
_2lcc _cBK _kFOR |
||
| 999 |
_c275881 _d275881 |
||